| 000 -LEADER |
| fixed length control field |
nam a22 7a 4500 |
| 005 - DATE AND TIME OF LATEST TRANSACTION |
| control field |
20180214060914.0 |
| 008 - FIXED-LENGTH DATA ELEMENTS--GENERAL INFORMATION |
| fixed length control field |
180214b xxu||||| |||| 00| 0 eng d |
| 020 ## - IDENTIFIER FOR THE MANIFESTATION |
| Identifier for the Manifestation |
9789712378140 |
| Binding |
paperback |
| 040 ## - CATALOGING SOURCE |
| Language of Cataloging |
eng |
| Transcribing Agency |
APEC Schools Library |
| Description Conventions |
rda |
| 082 ## - DEWEY DECIMAL CLASSIFICATION NUMBER |
| Classification number |
C 515 |
| Author's Number |
P363b 2016 |
| 100 1# - CREATOR |
| Preferred Name of the Person |
Pelias, John Gabriel P. |
| 245 10 - TITLE AND STATEMENT OF RESPONSIBILITY |
| Preferred Title Proper |
Basic calculus / |
| Statement of Responsibility/Parallel Statement of Responsibility |
John Gabriel P. Pelias. |
| 250 ## - EDITION STATEMENT |
| Designation of Edition/Designation of a Named Revision of an Edition |
First Edition. |
| 264 ## - PUBLICATION STATEMENT |
| Place of publication, distribution, etc |
Manila, PH : |
| Publisher's Name/Parallel Publisher's Name |
Rex Bookstore, |
| Copyright |
©2016. |
| Date of Publication |
[2016]. |
| 300 ## - PHYSICAL DESCRIPTION |
| Extent |
vi, 259 pages : |
| Illustrative Content |
illustrations ; |
| Dimensions |
26 cm |
| 336 ## - RDA CONTENT |
| Source |
rdacontent |
| Content Type |
text |
| 337 ## - RDA MEDIA |
| Source |
rdamedia |
| Media Type |
unmediated |
| 338 ## - RDA CARRIER |
| Source |
rdacarrier |
| Carrier Type |
volume |
| 504 ## - BIBLIOGRAPHY, ETC. NOTE |
| Bibliography, etc |
Includes bibliographical references and index. |
| 505 #0 - CONTENTS |
| Related Work = Contents |
Preface v -- Limits and Continuity 1 -- Introduction to the Limit 2 -- Limits of Algebraic Functions 16 -- Limits of Algebraic Functions Involving Infinity 29 -- Limits of Exponential and Trigonometric Functions 46 -- Continuity 66 -- Continuity on an Interval 80 -- Derivatives 95 -- Tangent Lines, Rates of Change and the Derivative 96 -- Some Basic Differentiation Rules 106 -- The Chain Rule 121 -- Implicit Differentiation 129 -- Derivatives of Higher Order and Differentiability 143 -- Rates of Change and Related Rates 154 -- Optimization Problems 161 -- Integration 177 -- Antiderivatives 178 -- The Substitution Rule and Tables of Integrals 188 -- Separable Differential Equations 200 -- Areas, Riemann Sums and the Define Integral 215 -- The Fundamental Theorem of Calculus 231 -- Areas of Plane Regions 244 -- References 253 -- Index 255 |
| 520 ## - SUMMARIZATION OF THE CONTENT |
| Summarization of the Content |
"Basic Calculus introduces the students to the study of calculus. It contains the basic concepts and mechanical skills in basic calculus, namely, understanding and calculating limits, derivatives, and integral of basic functions, and using basic techniques and formulae. The lesson in this book shall be sufficient to prepare the students in the STEM track to take calculus in college."-- |
| 650 ## - ADDED SUBJECT ACCESS POINT - TOPICAL TERM |
| Topical Term |
Calculus |
| 678 ## - CREATOR BIOGRAPHICAL INFORMATION |
| Biographical Information |
John Gabriel P. Pelias finished his BS Mathematics at the University of the Philippines-Diliman in 2011 (summa cum laude). He was awarded with the Medallion of Excellence and best Undergraduate Research Paper Award in Mathematics by the dean of the College of Science. He recently obtained his MS Mathematics while teaching in the Institute of Mathematics at the same university. He is currently pursuing a PhD in Mathematics. |
| 942 ## - ADDED ENTRY ELEMENTS (KOHA) |
| Source of Classification |
|
| Koha Item Type |
Books |